Διερεύνηση του ανεμολογικού και υδροδυναμικού καθεστώτος στην Σκάλα Ερεσσού ως εργαλείο της διαχείρισης της παράκτιας ζώνης

Αποθηκεύτηκε σε:
Λεπτομέρειες βιβλιογραφικής εγγραφής
Κύριος συγγραφέας: Κόκκαλη, Αθηνά
Συγγραφή απο Οργανισμό/Αρχή: Πανεπιστήμιο Αιγαίου Σχολή Περιβάλλοντος Τμήμα Επιστημών της Θάλασσας Πρόγραμμα Μεταπτυχιακών Σπουδών Διαχείριση Παράκτιων Περιοχών
Άλλοι συγγραφείς: Τράγου, Ελίνα (dgsf)
Μορφή: Thesis Βιβλίο
Γλώσσα:Greek
Δημοσίευση: 2008.
Θέματα:
Διαθέσιμο Online:http://hdl.handle.net/11610/11601
Ετικέτες: Προσθήκη ετικέτας
Δεν υπάρχουν, Καταχωρήστε ετικέτα πρώτοι!

MARC

LEADER 00000cam a2200000 i 4500
001 1/1273
008 090903s2008 gr | ||| |||| ||gre||
035 |l 10105538 
040 |a GR-MyUa  |b gre  |e AACR2 
041 0 |a gre 
082 7 |a 551.357   |2 (22) 
100 1 |a Κόκκαλη, Αθηνά. 
245 1 0 |a Διερεύνηση του ανεμολογικού και υδροδυναμικού καθεστώτος στην Σκάλα Ερεσσού ως εργαλείο της διαχείρισης της παράκτιας ζώνης /   |c Κόκκαλη Αθηνά ; επιβλέποντες: Ζερβάκης Βασίλης, Τράγου Ελίνα. 
260 |c 2008. 
300 |a 65 σ. :   |b εικ. ;   |c 30 εκ. 
502 |a Διατριβή (μεταπτυχιακή) – Πανεπιστήμιο Αιγαίου, Λέσβος, 2008. 
504 |a Βιβλιογραφία: σ. 100-103. 
650 0 |a Coast changes  |z Greece  |z Eresos. 
650 0 |a Winds  |x Measurement  |z Greece  |z Eresos. 
650 0 |a Coasts  |z Greece  |z Eresos. 
650 0 |a Coastal engineering  |x Mathematical models. 
650 0 |a Sedimentation and deposition  |z Greece  |z Eresos. 
650 0 |a Dissertations, Academic  |z Greece. 
700 1 |a Τράγου, Ελίνα,  |e dgsf 
700 1 |a Ζερβάκης, Βασίλης,  |e dgs 
710 2 |a Πανεπιστήμιο Αιγαίου  |b Σχολή Περιβάλλοντος  |b Τμήμα Επιστημών της Θάλασσας  |b Πρόγραμμα Μεταπτυχιακών Σπουδών Διαχείριση Παράκτιων Περιοχών. 
852 |a INST  |b LESVOS  |c DIATR  |e 20090903  |h 129  |p 005100046680  |q 005100046680  |t MTXE  |y 23 
852 |a INST  |b LESVOS  |c DIATR  |e 20090903  |h 130  |p 005100046679  |q 005100046679  |t MTXE  |y 23 
856 |u http://hdl.handle.net/11610/11601 
901 |a BIBL1-2009-3 
924 |a Κόκκαλη  |b Αθηνά  |y Λέσβος  |z 2009-02 
970 |a ΤΖΑΦΕΡΗ  |b ΕΥΑΓΓΕΛΙΑ  |z 2009/09/03